Países com mais pessoas brancas fora da Europa - Statistics

Estatísticas Gerais
  • Esse quiz foi jogado 433 vezes
  • A pontuação média é 11 de 13
Estatísticas das Respostas
# Países Quantidade de Brancos % Correto
1 Estados Unidos 240.295.600 (72,40%)
99%
2 Brasil 93.434.800 (43,60%)
98%
4 Argentina 29.776.500 (65,0%)
96%
3 Canadá 35.377.425 (92,49%)
96%
6 México 11.403.000 (9,0%)
92%
9 Chile 7.854.470 (40,3%)
89%
5 Austrália 23.634.800 (92,0%)
88%
7 Colômbia 10.304.000 (20,0%)
83%
13 Uruguai 3.014.880 (88,0%)
81%
12 Nova Zelândia 3.463.148 (67,6%)
80%
8 Venezuela 9.024.000 (32,0%)
68%
10 África do Sul 4.988.760 (8,4%)
66%
11 Cuba 4.278.800 (38,0%)
46%
Nenhum quiz correspondente encontrado
Distribuição das Pontuações
Porcentagem de Pessoas com Cada Pontuação
Percentil de Números Respondidos
Sua Pontuação Histórica
Você não jogou esse quiz